[Event "Bad Wiessee (28.10.-04.11)"]
[Site "?"]
[Date "2000.11.03"]
[Round "7"]
[White "Lindemann Christian"]
[Black "Heyl Thomas"]
[Result "1/2-1/2"]
[WhiteElo "2195"]
[BlackElo "2053"]
[PlyCount "93"]
[EventDate "2000.??.??"]
[Source "www.chesslib.no"]
[SourceDate "2004.05.04"]

1. d4 d5 2. c4 e6 3. Nc3 Nf6 4. Bg5 Nbd7 5. e3 c6 6. a3 Be7 7. Nf3 O-O 8. Qc2 h6 9. h4 Re8 10. Bxf6 Nxf6 11. Rd1 Qa5 12. Rd2 a6 13. c5 b5 14. Ne5 Qc7 15. f4 Nd7 16. g4 Nxe5 17. fxe5 f5 18. exf6 Qg3+ 19. Rf2 Bxf6 20. Rh3 Qxg4 21. Rxf6 gxf6 22. Qf2 Kf7 23. Rg3 Qf5 24. Qg1 Ke7 25. Kd2 e5 26. Bh3 Qh5 27. Rg7+ Kd8 28. Qf2 Rf8 29. Rg8 Qf7 30. Rxf8+ Qxf8 31. Bxc8 Rxc8 32. dxe5 Ke7 33. e6 Kxe6 34. Ne2 Qxc5 35. Nd4+ Kf7 36. Qf5 Qf8 37. Qe6+ Kg7 38. Qd7+ Kh8 39. Ne6 Qg8 40. Nf4 Qe8 41. Ng6+ Qxg6 42. Qxc8+ Kg7 43. Qd7+ Kg8 44. Qc8+ Kh7 45. Qd7+ Qg7 46. Qf5+ Qg6 47. Qd7+ 1/2-1/2

[Event "Reykjavik Open"]
[Site "Reykjavik ISL"]
[Date "1988.??.??"]
[Round "?"]
[White "Halldorsson, Bragi"]
[Black "Hermansson, Tomas"]
[Result "1/2-1/2"]
[WhiteElo "2260"]
[BlackElo "1975"]
[PlyCount "86"]
[EventDate "1988.02.??"]
[Source "www.chesslib.no"]
[SourceDate "2004.05.04"]

1. d4 d5 2. c4 e6 3. Nc3 Nf6 4. Bg5 Nbd7 5. e3 Bb4 6. cxd5 exd5 7. Qb3 Ba5 8. Bxf6 Bxc3+ 9. bxc3 Nxf6 10. c4 O-O 11. Nf3 c5 12. Qa3 Bg4 13. Qxc5 Bxf3 14. gxf3 Rc8 15. Qb4 Kh8 16. c5 Nh5 17. Bd3 Qf6 18. Be2 Rb8 19. f4 Qh4 20. O-O-O Nf6 21. Bb5 Rfc8 22. Qe1 b6 23. c6 a6 24. Bd3 Rxc6+ 25. Kb1 Ne4 26. Bxe4 dxe4 27. Qd2 Qe7 28. Rc1 Rbc8 29. Rxc6 Rxc6 30. Rc1 Rxc1+ 31. Qxc1 Qb4+ 32. Ka1 g6 33. a3 Qb5 34. Qc2 f5 35. a4 Qb4 36. Ka2 Kg7 37. d5 Kf7 38. Qc7+ Kf6 39. Qe5+ Kf7 40. Qc7+ Kf6 41. Qe5+ Kf7 42. Qe6+ Kg7 43. Qe5+ Kf7 1/2-1/2

[Event "Slovakia"]
[Site "?"]
[Date "2003.??.??"]
[Round "4"]
[White "Lesny Stefan"]
[Black "Todor Razvan"]
[Result "0-1"]
[WhiteElo "2077"]
[BlackElo "2158"]
[PlyCount "66"]
[EventDate "2003.??.??"]
[Source "www.chesslib.no"]
[SourceDate "2004.05.04"]

1. d4 d5 2. c4 e6 3. Nc3 Nf6 4. Bg5 Nbd7 5. e3 Bb4 6. a3 Bxc3+ 7. bxc3 c6 8. Bxf6 Nxf6 9. Bd3 Qa5 10. Qc2 dxc4 11. Bxc4 Qg5 12. f4 Qh4+ 13. g3 Qh5 14. e4 Qa5 15. Ne2 O-O 16. O-O c5 17. a4 Bd7 18. d5 exd5 19. Bxd5 Nxd5 20. exd5 c4 21. Rfd1 Bg4 22. Rd2 Rfe8 23. Rc1 Bxe2 24. Rxe2 Qc5+ 25. Rf2 Rad8 26. Rd1 Rxd5 27. Rxd5 Qxd5 28. Re2 Rd8 29. Qe4 Qd1+ 30. Kf2 Qxa4 31. Qxb7 a5 32. Re7 Qc2+ 33. Kg1 Rd1+ 0-1

[Event "Staufer op 11th"]
[Site "Schwaebisch Gmuend"]
[Date "1999.??.??"]
[Round "1"]
[White "Gerstner, Wolfgang"]
[Black "Eulner, Matthias"]
[Result "1-0"]
[WhiteElo "2365"]
[BlackElo "1791"]
[PlyCount "53"]
[EventDate "1999.01.02"]
[Source "ChessBase"]
[SourceDate "1999.03.01"]

1. d4 d5 2. c4 e6 3. Nc3 Nf6 4. Bg5 Nbd7 5. e3 c6 6. Rc1 Qa5 7. Bh4 Ne4 8. cxd5 exd5 9. Qb3 Bd6 10. Bd3 O-O 11. Nge2 Re8 12. O-O Ndf6 13. f3 Nd2 14. Qc2 Nxf1 15. Rxf1 Rxe3 16. Bxf6 gxf6 17. Qd2 Re8 18. Qh6 Qc7 19. Bxh7+ Kh8 20. Bc2+ Kg8 21. f4 Re3 22. Ng3 Rxg3 23. hxg3 Be6 24. Bh7+ Kh8 25. Qxf6+ Kxh7 26. Kf2 Kg8 27. Rh1 1-0

[Event "Hammerfest"]
[Site "?"]
[Date "2002.09.21"]
[Round "5"]
[White "Berglund Jan Sigmund"]
[Black "Romsdal Trond"]
[Result "1-0"]
[WhiteElo "1971"]
[BlackElo "2143"]
[PlyCount "59"]
[EventDate "2002.??.??"]
[Source "www.chesslib.no"]
[SourceDate "2004.05.04"]

1. d4 d5 2. c4 e6 3. Nc3 Nf6 4. Bg5 Nbd7 5. e3 c6 6. Qc2 Qa5 7. Nf3 Ne4 8. h4 Bb4 9. Nd2 Nxc3 10. bxc3 Bxc3 11. Rd1 f6 12. Bf4 e5 13. dxe5 fxe5 14. Bg3 Nc5 15. cxd5 cxd5 16. Bd3 Nxd3+ 17. Qxd3 O-O 18. O-O e4 19. Qc2 Bg4 20. f3 Bxd2 21. Rxd2 exf3 22. Be5 fxg2 23. Rxf8+ Rxf8 24. Kxg2 Bf3+ 25. Kh2 Qa6 26. Qc7 Qh6 27. Qe7 Be4 28. Bd6 Rc8 29. Rf2 g5 30. Qf7+ 1-0

[Event "Regionalliga NW9697"]
[Site "Bayern"]
[Date "1996.??.??"]
[Round "?"]
[White "Stauch, Edgar"]
[Black "Bebersdorf, Claus"]
[Result "1-0"]
[WhiteElo "2075"]
[BlackElo "2020"]
[PlyCount "47"]
[EventDate "1996.10.??"]
[Source "www.chesslib.no"]
[SourceDate "2004.05.04"]

1. d4 d5 2. c4 e6 3. Nc3 Nf6 4. Bg5 Nbd7 5. e3 c6 6. cxd5 cxd5 7. Bd3 Be7 8. Nf3 h6 9. Bf4 Nh5 10. Be5 Nxe5 11. dxe5 g6 12. Qc2 Ng7 13. O-O-O Bd7 14. e4 dxe4 15. Bb5 Bg5+ 16. Kb1 exf3 17. Rxd7 Qxd7 18. Bxd7+ Kxd7 19. Qa4+ Kc8 20. Nb5 Kb8 21. g4 Rc8 22. Nd6 Rc7 23. h4 Bd8 24. Rc1 1-0

[Event "RLSO BY00/01"]
[Site "Baviera"]
[Date "2001.??.??"]
[Round "4"]
[White "Fischer, Michael"]
[Black "Wawra, Juergen"]
[Result "1/2-1/2"]
[WhiteElo "2000"]
[BlackElo "2095"]
[PlyCount "65"]
[EventDate "2001.01.28"]
[Source "www.chesslib.no"]
[SourceDate "2004.05.04"]

1. d4 d5 2. c4 e6 3. Nc3 Nf6 4. Bg5 Nbd7 5. e3 h6 6. Bh4 Bb4 7. cxd5 exd5 8. Bd3 O-O 9. Nge2 c6 10. O-O Re8 11. a3 Bd6 12. Bg3 Nf8 13. b4 a6 14. Na4 Bg4 15. Nc5 Bxg3 16. hxg3 Re7 17. Qc2 Bxe2 18. Bxe2 Ne6 19. Bd3 Ng5 20. a4 Qd6 21. b5 axb5 22. axb5 Rae8 23. Ra7 Qb8 24. Qa4 cxb5 25. Bxb5 Rd8 26. Ra1 Rxe3 27. Rxb7 Qd6 28. Qa5 Re7 29. Rxe7 Qxe7 30. Re1 Qf8 31. Bd3 Re8 32. Re5 Ra8 33. Qc3 1/2-1/2

[Event "Bad Bertrich"]
[Site "?"]
[Date "1997.12.05"]
[Round "6"]
[White "Puschkeit Peter"]
[Black "Arendt Heinz"]
[Result "1-0"]
[WhiteElo "2205"]
[BlackElo "1879"]
[PlyCount "93"]
[EventDate "1997.??.??"]
[Source "www.chesslib.no"]
[SourceDate "2004.05.04"]

1. d4 d5 2. c4 e6 3. Nc3 Nf6 4. Bg5 Nbd7 5. e3 c6 6. Bd3 Qa5 7. Bh4 Bb4 8. Nge2 dxc4 9. Bxc4 Nd5 10. Qc2 N7b6 11. Bd3 Be7 12. Bxe7 Nxe7 13. O-O Qh5 14. Ng3 Qh6 15. Nce4 O-O 16. a3 Rd8 17. Rfe1 Nbd5 18. Rac1 g6 19. Nd2 Qg7 20. Nf3 Nf5 21. Ne2 Nfe7 22. e4 Nf6 23. Red1 Nd7 24. Qc3 b6 25. b4 Bb7 26. Ng3 a5 27. Qb3 axb4 28. axb4 Ra7 29. e5 Rda8 30. Ne4 Ra3 31. Qb1 R8a7 32. Nd6 Ba8 33. Ng5 Nd5 34. Re1 R7a4 35. b5 c5 36. dxc5 Nxc5 37. Be4 Qxe5 38. Ngxf7 Qf6 39. Rcd1 Nxe4 40. Rxe4 Rxe4 41. Nh6+ Kf8 42. Nxe4 Qf4 43. Qb2 Ra5 44. Qh8+ Ke7 45. Ng8+ Kf8 46. Ngf6+ Ke7 47. Qe8# 1-0

[Event "Muensterland"]
[Site "?"]
[Date "2003.09.27"]
[Round "1.4"]
[White "Schulze Ameling Hendrik"]
[Black "Langhanke Guenther"]
[Result "1/2-1/2"]
[WhiteElo "1944"]
[BlackElo "2108"]
[PlyCount "115"]
[EventDate "2003.??.??"]
[Source "www.chesslib.no"]
[SourceDate "2004.05.04"]

1. d4 d5 2. c4 e6 3. Nc3 Nf6 4. Bg5 Nbd7 5. e3 c6 6. Rc1 Qa5 7. Nf3 Ne4 8. Bh4 Nxc3 9. bxc3 Qxa2 10. cxd5 exd5 11. Bd3 Qa3 12. O-O Be7 13. e4 Bxh4 14. Nxh4 dxe4 15. Re1 O-O 16. Rxe4 Nf6 17. Re3 Qd6 18. h3 Bd7 19. Nf3 Nd5 20. Re5 Nf4 21. Bb1 f6 22. Qc2 g6 23. Re3 Kg7 24. Qb2 b5 25. Rce1 Rae8 26. Qa2 Rxe3 27. fxe3 Nd5 28. Qa1 Ra8 29. e4 Nb6 30. e5 fxe5 31. c4 Nxc4 32. dxe5 Qc5+ 33. Kh1 Kg8 34. e6 Be8 35. Qf6 Qf8 36. Qh4 Nd6 37. Ng5 Qg7 38. Ba2 Nf5 39. e7+ Kh8 40. Qf4 h6 41. Nf3 Kh7 42. Bb1 Nxe7 43. Qh4 Nd5 44. Ng5+ Kg8 45. Ne6 Qf6 46. Qxh6 Bf7 47. Ng5 Re8 48. Rxe8+ Bxe8 49. Bd3 Qa1+ 50. Kh2 Qe5+ 51. g3 Qb2+ 52. Kh1 Qc1+ 53. Kh2 Qd2+ 54. Kh1 Qe1+ 55. Kh2 Qd2+ 56. Kh1 Qe1+ 57. Kg2 Qd2+ 58. Kh1 1/2-1/2

[Event "RLNW SVNeust-FrSchwf"]
[Site "?"]
[Date "1998.??.??"]
[Round "?"]
[White "Schilling, Berthold"]
[Black "Dittmann, Rainer"]
[Result "0-1"]
[WhiteElo "1985"]
[BlackElo "2060"]
[PlyCount "78"]
[EventDate "1998.??.??"]
[Source "www.chesslib.no"]
[SourceDate "2004.05.04"]

1. d4 d5 2. c4 e6 3. Nc3 Nf6 4. Bg5 Nbd7 5. e3 c6 6. Bd3 Qa5 7. Bh4 Bb4 8. Nge2 dxc4 9. Bxc4 Nb6 10. Bd3 Na4 11. Qc2 Nd5 12. Rc1 Naxc3 13. bxc3 Bd6 14. Bg3 Bxg3 15. hxg3 Nf6 16. Nf4 Bd7 17. Be2 O-O-O 18. Nd3 Be8 19. Ne5 h6 20. Nc4 Qc7 21. Bf3 Nd5 22. Rb1 f6 23. O-O h5 24. e4 Ne7 25. e5 Bg6 26. Be4 f5 27. Bd3 h4 28. Qb3 b6 29. Nd6+ Rxd6 30. exd6 Qxd6 31. gxh4 Rxh4 32. g3 Rg4 33. Ba6+ Kc7 34. c4 c5 35. dxc5 Qxc5 36. Kg2 Nc6 37. Qe3 Nd4 38. Rb5 f4 39. Qd2 f3+ 0-1

[Event "HUN-chT3"]
[Site "?"]
[Date "1997.??.??"]
[Round "?"]
[White "Timar Zsolt"]
[Black "Kovacs Geza"]
[Result "1-0"]
[WhiteElo "2165"]
[BlackElo "1810"]
[PlyCount "81"]
[EventDate "1997.??.??"]
[Source "www.chesslib.no"]
[SourceDate "2004.05.04"]

1. d4 d5 2. c4 e6 3. Nc3 Nf6 4. Bg5 Nbd7 5. e3 Bb4 6. Nf3 c6 7. Qc2 h6 8. Bh4 Qa5 9. Nd2 Bxc3 10. bxc3 O-O 11. Be2 Ne4 12. Nxe4 dxe4 13. O-O Re8 14. c5 Nf8 15. Rac1 Bd7 16. Bc4 b5 17. cxb6 axb6 18. Qxe4 c5 19. Bb3 Rac8 20. c4 Bc6 21. Qc2 cxd4 22. exd4 Qh5 23. Bg3 Qg5 24. Qd3 f5 25. f4 Qf6 26. d5 Red8 27. Bf2 exd5 28. cxd5 Kh8 29. Bxb6 Rd7 30. Bd4 Qd8 31. Rxc6 Rxc6 32. dxc6 Rxd4 33. Qxf5 Qb6 34. Qxf8+ Kh7 35. Qg8+ Kg6 36. Kh1 Qc5 37. f5+ Kh5 38. Qf7+ Kh4 39. g3+ Kg4 40. Qg6+ Kh3 41. Qh5+ 1-0

[Event "Montreal, CAN Quebec ch"]
[Site "Montreal"]
[Date "1998.07.18"]
[Round "7"]
[White "Mundet, Jaume"]
[Black "Pacheco, Hilsandryly"]
[Result "1-0"]
[WhiteElo "2020"]
[BlackElo "1915"]
[PlyCount "47"]
[EventDate "1998.??.??"]
[Source "www.chesslib.no"]
[SourceDate "2004.05.04"]

1. d4 d5 2. c4 e6 3. Nc3 Nf6 4. Bg5 Nbd7 5. e3 c6 6. cxd5 cxd5 7. Bd3 Bb4 8. Nge2 Qc7 9. O-O a6 10. Rc1 Qb8 11. Na4 Bd6 12. h3 h6 13. Bh4 Ne4 14. Bxe4 dxe4 15. Qc2 b5 16. Nc5 Bxc5 17. dxc5 f5 18. Bg3 Qa7 19. Bd6 Kf7 20. Nd4 Bb7 21. c6 Rac8 22. Qb3 Rce8 23. cxd7 Bd5 24. dxe8=Q+ 1-0

[Event "Catalunya-chB"]
[Site "?"]
[Date "1996.11.24"]
[Round "8"]
[White "Pont Maria Victor"]
[Black "Perez Vilalta Diego"]
[Result "0-1"]
[WhiteElo "2050"]
[BlackElo "1865"]
[PlyCount "76"]
[EventDate "1996.??.??"]
[Source "www.chesslib.no"]
[SourceDate "2004.05.04"]

1. d4 d5 2. c4 e6 3. Nc3 Nf6 4. Bg5 Nbd7 5. e3 c6 6. Bd3 Qa5 7. c5 e5 8. a3 e4 9. b4 Qd8 10. Be2 Be7 11. f3 O-O 12. f4 Ne8 13. Bxe7 Qxe7 14. Nh3 Qh4+ 15. Nf2 Ndf6 16. g3 Qh6 17. g4 g5 18. h4 gxf4 19. g5 Qg7 20. exf4 e3 21. Nd3 Ne4 22. Nxe4 dxe4 23. Ne5 Nc7 24. Nc4 Nd5 25. O-O Bh3 26. Ne5 Bxf1 27. Qxf1 f6 28. Ng4 fxg5 29. hxg5 Rxf4 30. Nh6+ Kh8 31. Qg2 Rf2 32. Qg4 Nf4 33. Bf1 Rf8 34. Nf5 Rxf5 35. Qxf5 Ne2+ 36. Bxe2 Rxf5 37. Rf1 Qxg5+ 38. Kh1 Qh4+ 0-1

[Event "C1998P.073"]
[Site "IECG email"]
[Date "1998.??.??"]
[Round "?"]
[White "Empel, Fred van"]
[Black "Stadler, Pavel"]
[Result "1/2-1/2"]
[WhiteElo "1995"]
[BlackElo "1800"]
[PlyCount "43"]
[EventDate "1998.??.??"]
[Source "www.chesslib.no"]
[SourceDate "2004.05.04"]

1. d4 d5 2. c4 e6 3. Nc3 Nf6 4. Bg5 Nbd7 5. e3 c6 6. cxd5 cxd5 7. Bd3 Be7 8. Rc1 a6 9. Nf3 O-O 10. O-O b5 11. a4 bxa4 12. Nxa4 a5 13. Ne5 Nxe5 14. dxe5 Nd7 15. Bxe7 Qxe7 16. Rc7 Qb4 17. f4 Nb6 18. b3 Nxa4 19. bxa4 Ba6 20. Bxa6 Rxa6 21. Qc2 Rb6 22. Rc1 1/2-1/2

[Event "It (Open) Usti Nad Orlici CZE"]
[Site "?"]
[Date "2006.05.01"]
[Round "4"]
[White "Poslusny Martin"]
[Black "Palla Rostislav"]
[Result "1-0"]
[WhiteElo "1968"]
[BlackElo "1791"]
[PlyCount "73"]
[EventDate "2006.??.??"]
[Source "www.chesslib.no"]
[SourceDate "2004.05.04"]

1. d4 d5 2. c4 e6 3. Nc3 Nf6 4. Bg5 Nbd7 5. e3 c6 6. cxd5 cxd5 7. Bd3 a6 8. Nge2 b5 9. O-O Be7 10. f3 O-O 11. e4 Nxe4 12. Bxe7 Nxc3 13. bxc3 Qxe7 14. Qc2 g6 15. Rae1 Nb6 16. Nf4 Qg5 17. g3 Nc4 18. Kf2 Bd7 19. h4 Qh6 20. Rh1 Rac8 21. Qc1 Rc7 22. g4 Rfc8 23. g5 Qf8 24. h5 Nd6 25. hxg6 hxg6 26. Ne2 Nf5 27. Rh3 Qd6 28. Reh1 Kf8 29. Bxf5 exf5 30. Rh7 b4 31. Qe3 Be6 32. cxb4 Qxb4 33. Qe5 Rc2 34. Rxf7+ Bxf7 35. Rh8+ Bg8 36. Qf6+ Ke8 37. Qe6+ 1-0

[Event "Corr"]
[Site "?"]
[Date "2000.11.13"]
[Round "?"]
[White "Bass Stanley"]
[Black "Rodionov Alexey"]
[Result "1-0"]
[WhiteElo "1901"]
[BlackElo "1815"]
[PlyCount "89"]
[EventDate "2000.??.??"]
[Source "www.chesslib.no"]
[SourceDate "2004.05.04"]

1. d4 d5 2. c4 e6 3. Nc3 Nf6 4. Bg5 Nbd7 5. e3 c6 6. a3 Be7 7. Nf3 h6 8. Bh4 O-O 9. Be2 dxc4 10. Bxc4 Nd5 11. Bxe7 Qxe7 12. O-O Rd8 13. Qc2 Nxc3 14. Qxc3 Nb6 15. Bd3 c5 16. Qxc5 Qxc5 17. dxc5 Rxd3 18. cxb6 axb6 19. Rfd1 Rxd1+ 20. Rxd1 Kf8 21. Rd6 b5 22. Rb6 Ke7 23. Rxb5 Kd6 24. Nd2 Kc6 25. Rb3 b5 26. f4 Bb7 27. Nf3 Kb6 28. Nd4 Ra5 29. g4 Kc5 30. Kf2 g6 31. Rc3+ Kb6 32. b4 Ra8 33. h4 Bd5 34. g5 h5 35. Nf3 Ra7 36. Ne5 Be4 37. Nd3 Bxd3 38. Rxd3 Rc7 39. Kf3 Rc4 40. Rd7 Rc7 41. Rxc7 Kxc7 42. Ke4 Kd7 43. Ke5 Ke7 44. e4 Kd7 45. Kf6 1-0

[Event "Erlangen (31.10.-02.11)"]
[Site "?"]
[Date "2003.??.??"]
[Round "3.18"]
[White "Hoefer Daniel"]
[Black "Volkert Jan"]
[Result "1/2-1/2"]
[WhiteElo "1898"]
[BlackElo "1781"]
[PlyCount "53"]
[EventDate "2003.??.??"]
[Source "www.chesslib.no"]
[SourceDate "2004.05.04"]

1. d4 d5 2. c4 e6 3. Nc3 Nf6 4. Bg5 Nbd7 5. e3 c6 6. cxd5 cxd5 7. Bd3 h6 8. Bh4 Be7 9. Nf3 Nb6 10. O-O O-O 11. Ne5 Nfd7 12. Bxe7 Qxe7 13. f4 Nxe5 14. fxe5 Bd7 15. Qe2 f5 16. exf6 Rxf6 17. Rxf6 Qxf6 18. Rf1 Qe7 19. Qg4 Rf8 20. Rc1 Qf7 21. Qg3 Rc8 22. Rf1 Qe8 23. Rf6 Kh8 24. Qh4 Qd8 25. Rf4 Qxh4 26. Rxh4 Nc4 27. Nd1 1/2-1/2

[Event "Glorney & Faber Cup"]
[Site "Bruges"]
[Date "1999.07.27"]
[Round "3.1"]
[White "Vermeulen, Emilie"]
[Black "Fortuit, Emilie"]
[Result "1/2-1/2"]
[WhiteElo "1802"]
[BlackElo "1860"]
[PlyCount "35"]
[EventDate "1999.07.29"]
[Source "www.chesslib.no"]
[SourceDate "2004.05.04"]

1. d4 d5 2. c4 e6 3. Nc3 Nf6 4. Bg5 Nbd7 5. e3 h6 6. Bh4 Bb4 7. a3 Bxc3+ 8. bxc3 c6 9. Bd3 Qa5 10. Ne2 O-O 11. O-O Re8 12. f3 dxc4 13. Bxc4 Qh5 14. Bg3 Nd5 15. Qd2 Qg5 16. Nf4 N7b6 17. Bb3 Re7 18. c4 1/2-1/2

[Event "Jonkoping Open"]
[Site "Jonkoping"]
[Date "1988.??.??"]
[Round "1"]
[White "Rennerfelt, Gunnar"]
[Black "Johansson, Lars-Erik"]
[Result "0-1"]
[WhiteElo "1452"]
[BlackElo "2200"]
[PlyCount "46"]
[EventDate "1988.??.??"]
[Source "www.chesslib.no"]
[SourceDate "2004.05.04"]

1. d4 d5 2. c4 e6 3. Nc3 Nf6 4. Bg5 Nbd7 5. e3 Bb4 6. Nf3 c6 7. Bd3 Qa5 8. Qc2 Ne4 9. Bxe4 dxe4 10. Qxe4 Bxc3+ 11. bxc3 Qxc3+ 12. Ke2 Qxc4+ 13. Qd3 Qd5 14. e4 Qa5 15. Bd2 Qc7 16. Rhc1 O-O 17. Kf1 b6 18. d5 exd5 19. exd5 c5 20. Rd1 Bb7 21. Bg5 Rad8 22. Rd2 Nb8 23. Rad1 Ba6 0-1

[Event "Bayernliga 2001/02"]
[Site "?"]
[Date "2002.??.??"]
[Round "8"]
[White "Aicher Hans"]
[Black "Dervisevic Ramiz"]
[Result "1/2-1/2"]
[WhiteElo "1745"]
[BlackElo "1860"]
[PlyCount "74"]
[EventDate "2002.??.??"]
[Source "www.chesslib.no"]
[SourceDate "2004.05.04"]

1. d4 d5 2. c4 e6 3. Nc3 Nf6 4. Bg5 Nbd7 5. e3 Bb4 6. Bd3 O-O 7. Nf3 c5 8. O-O cxd4 9. exd4 dxc4 10. Bxc4 Qa5 11. Qd3 Re8 12. Rac1 Bd6 13. Nb5 Bb8 14. Bd2 Qd8 15. Rfe1 a6 16. Nc3 b5 17. Bb3 Bb7 18. Bc2 Qc7 19. Ne5 Nf8 20. Bb1 Qd6 21. Ne2 Ng6 22. Ng3 Ba7 23. Be3 Rac8 24. Nxg6 hxg6 25. Qd2 Rxc1 26. Rxc1 Rc8 27. Rxc8+ Bxc8 28. Ne4 Qc6 29. Nxf6+ gxf6 30. Qb4 Kg7 31. Bd3 Bb7 32. f3 e5 33. Be4 Qd7 34. Bxb7 Qxb7 35. Qc3 Qd5 36. dxe5 Bxe3+ 37. Qxe3 fxe5 1/2-1/2

[Event "Polanica Zdroj"]
[Site "?"]
[Date "2005.08.24"]
[Round "6.8"]
[White "Krol Krzysztof"]
[Black "Ratajczyk Rafal"]
[Result "0-1"]
[WhiteElo "1800"]
[BlackElo "1800"]
[PlyCount "58"]
[EventDate "2005.??.??"]
[Source "www.chesslib.no"]
[SourceDate "2004.05.04"]

1. d4 d5 2. c4 e6 3. Nc3 Nf6 4. Bg5 Nbd7 5. e3 c6 6. cxd5 cxd5 7. Rc1 Bb4 8. a3 Bxc3+ 9. Rxc3 Qa5 10. b4 Qb6 11. Qc2 O-O 12. Bf4 a5 13. Bc7 Qa7 14. bxa5 b6 15. Bd6 Re8 16. a6 Bxa6 17. Rc7 Bb7 18. Nf3 Rec8 19. Rxc8+ Rxc8 20. Qb2 Ne4 21. Bb4 Ba6 22. Nd2 Bxf1 23. Rxf1 Qc7 24. Nxe4 dxe4 25. h3 Qc1+ 26. Qxc1 Rxc1+ 27. Ke2 Rc2+ 28. Kd1 Ra2 29. Ke1 Ra1+ 0-1

[Event "Fouesnant"]
[Site "?"]
[Date "2002.10.30"]
[Round "7.29"]
[White "Bleuzen Erwan"]
[Black "Cloarec Audrey"]
[Result "1-0"]
[WhiteElo "1990"]
[BlackElo "1550"]
[PlyCount "83"]
[EventDate "2002.??.??"]
[Source "www.chesslib.no"]
[SourceDate "2004.05.04"]

1. d4 d5 2. c4 e6 3. Nc3 Nf6 4. Bg5 Nbd7 5. e3 Bb4 6. Qb3 Bxc3+ 7. bxc3 c5 8. Nf3 O-O 9. Be2 Qa5 10. O-O Ne4 11. cxd5 exd5 12. Rfc1 Nb6 13. h3 Na4 14. dxc5 Naxc3 15. Bd3 Be6 16. Be7 Rfe8 17. Bd6 Rad8 18. Nd4 b6 19. Bc7 Rc8 20. cxb6 axb6 21. Qxb6 Qxb6 22. Bxb6 Ra8 23. a3 Re7 24. f3 Na4 25. Bc7 Nd2 26. Bd6 Rd7 27. Bb4 Nc4 28. Bxc4 dxc4 29. Nxe6 fxe6 30. Rxc4 Nb2 31. Rc3 Rb7 32. Rac1 Rbb8 33. R1c2 Na4 34. Rc7 Nb6 35. Re7 Nc8 36. Rc6 Na7 37. Rcxe6 Nb5 38. Rd7 Nxa3 39. Bxa3 Rxa3 40. Ree7 Rb1+ 41. Kh2 Rb2 42. Re8# 1-0

[Event "AUT Team Ch 9596"]
[Site "Vorarlberg"]
[Date "1995.??.??"]
[Round "6"]
[White "Greissing, M."]
[Black "Lampert, Raimund"]
[Result "1/2-1/2"]
[WhiteElo "1745"]
[BlackElo "1790"]
[PlyCount "100"]
[EventDate "1995.??.??"]
[Source "www.chesslib.no"]
[SourceDate "2004.05.04"]

1. d4 d5 2. c4 e6 3. Nc3 Nf6 4. Bg5 Nbd7 5. e3 c6 6. a3 Be7 7. Nf3 O-O 8. Bd3 Qc7 9. O-O Re8 10. Qc2 h6 11. Bh4 a6 12. Rfe1 Qd8 13. Bg3 Nf8 14. e4 dxe4 15. Nxe4 Nxe4 16. Bxe4 f5 17. Bd3 Bf6 18. Be5 Bd7 19. Rad1 Bxe5 20. Nxe5 Qf6 21. c5 Rad8 22. Nc4 Bc8 23. Nd6 Re7 24. Bc4 Kh8 25. Qb3 Kh7 26. Qb6 Red7 27. Re2 g6 28. h3 Rg7 29. Rde1 Nd7 30. Qa5 Nf8 31. Qb6 h5 32. Nxc8 Rxc8 33. Bxe6 Nxe6 34. Rxe6 Qxd4 35. Re7 Rcg8 36. Rxb7 Qf6 37. b4 Rxb7 38. Qxb7+ Rg7 39. Qxa6 Qc3 40. Rd1 Re7 41. Qd3 Re1+ 42. Kh2 Qe5+ 43. g3 Re2 44. Rd2 Re1 45. Qd7+ Kh6 46. Qd4 Qe8 47. Qf4+ Kh7 48. Qd4 Kh6 49. Qf4+ Kh7 50. Qd4 Kh6 1/2-1/2

[Event "Heimbach-Weis"]
[Site "?"]
[Date "2002.03.23"]
[Round "2"]
[White "Pandorf Horst"]
[Black "Kopp Manuel"]
[Result "0-1"]
[WhiteElo "1723"]
[BlackElo "1812"]
[PlyCount "38"]
[EventDate "2002.??.??"]
[Source "www.chesslib.no"]
[SourceDate "2004.05.04"]

1. d4 d5 2. c4 e6 3. Nc3 Nf6 4. Bg5 Nbd7 5. e3 c6 6. a3 Be7 7. Nf3 Ne4 8. Bxe7 Qxe7 9. Rc1 O-O 10. Bd3 e5 11. cxd5 Nxc3 12. d6 Qe8 13. Bxh7+ Kxh7 14. Ng5+ Kg8 15. Qh5 Nf6 16. Qh4 Nb5 17. O-O Nxd6 18. e4 Ndxe4 19. dxe5 Qxe5 0-1

[Event "Duisburg op 6th"]
[Site "?"]
[Date "1999.??.??"]
[Round "4"]
[White "Mohrholz Stefan"]
[Black "Salamone Giuseppe"]
[Result "1-0"]
[WhiteElo "1923"]
[BlackElo "1597"]
[PlyCount "75"]
[EventDate "1999.??.??"]
[Source "www.chesslib.no"]
[SourceDate "2004.05.04"]

1. d4 d5 2. c4 e6 3. Nc3 Nf6 4. Bg5 Nbd7 5. e3 c6 6. Bd3 Qa5 7. Bxf6 Nxf6 8. Nf3 dxc4 9. Bxc4 Ne4 10. Qc2 Bb4 11. Rc1 Bxc3+ 12. bxc3 Nf6 13. O-O O-O 14. Ne5 Nd7 15. f4 Nxe5 16. fxe5 Qd8 17. Rf3 f5 18. Rxf5 b5 19. Rxf8+ Qxf8 20. Rf1 Qe7 21. Bd3 h6 22. Qf2 Bd7 23. Qf3 a5 24. Bxb5 Rc8 25. Bd3 c5 26. Qe4 g5 27. Rf6 cxd4 28. cxd4 Rc3 29. Rg6+ Kh8 30. Rxh6+ Kg8 31. Rg6+ Kh8 32. Rf6 Be8 33. Kf2 Rc7 34. Qg4 Rb7 35. Qxg5 Rb2+ 36. Kg1 Qg7 37. Qxg7+ Kxg7 38. Rf2 1-0

[Event "Lindow/Mark (18.09.-25.09)"]
[Site "?"]
[Date "2004.09.21"]
[Round "5.8"]
[White "Meiling Hermann"]
[Black "Ewald Horst"]
[Result "1-0"]
[WhiteElo "1855"]
[BlackElo "1646"]
[PlyCount "65"]
[EventDate "2004.??.??"]
[Source "www.chesslib.no"]
[SourceDate "2004.05.04"]

1. d4 d5 2. c4 e6 3. Nc3 Nf6 4. Bg5 Nbd7 5. e3 dxc4 6. Bxc4 c6 7. a3 Qa5 8. Bf4 Nd5 9. Nge2 Nxf4 10. Nxf4 Nf6 11. b4 Qc7 12. Nd3 Bd6 13. f4 O-O 14. O-O b6 15. Qd2 Bb7 16. e4 Be7 17. Rac1 Qd7 18. Ne5 Qd8 19. f5 exf5 20. Rxf5 Rc8 21. Rd1 Rc7 22. Bb3 Bd6 23. Nc4 Ne8 24. e5 Be7 25. Ne3 Bc8 26. Rf3 Bg5 27. Rdf1 Re7 28. Ne4 Bh6 29. Qc3 Bxe3+ 30. Qxe3 Be6 31. Bc2 Rd7 32. Ng5 Bd5 33. Bxh7+ 1-0

[Event "SJRH-ch U18"]
[Site "?"]
[Date "2001.01.02"]
[Round "4"]
[White "Schneider Felix"]
[Black "Haller Olaf"]
[Result "0-1"]
[WhiteElo "1550"]
[BlackElo "1751"]
[PlyCount "78"]
[EventDate "2001.??.??"]
[Source "www.chesslib.no"]
[SourceDate "2004.05.04"]

1. d4 d5 2. c4 e6 3. Nc3 Nf6 4. Bg5 Nbd7 5. e3 c6 6. a3 Be7 7. Nf3 O-O 8. Rc1 Re8 9. cxd5 exd5 10. Bd3 Nf8 11. Qc2 Bd6 12. O-O Bg4 13. Nh4 h6 14. Bxf6 Qxf6 15. Nf5 Bb8 16. h3 Bh5 17. Ne2 Bg6 18. Neg3 h5 19. Qe2 Bxf5 20. Nxf5 g6 21. Ng3 Bxg3 22. fxg3 Qg5 23. Rf3 Ne6 24. Qf1 Re7 25. Rc3 Rae8 26. Qf2 Qh6 27. Bc2 Nxd4 28. exd4 Re1+ 29. Kh2 R8e2 30. Rxf7 Rxf2 31. Rxf2 Qc1 32. g4 h4 33. g3 Rh1+ 34. Kg2 Qg1+ 35. Kf3 hxg3 36. Rg2 Qxd4 37. Kxg3 g5 38. Re2 Qf4+ 39. Kg2 Qf1+ 0-1

[Event "Hengelo"]
[Site "?"]
[Date "2005.08.10"]
[Round "6"]
[White "Schakel Milly"]
[Black "Ridder Dieter de"]
[Result "1-0"]
[WhiteElo "1579"]
[BlackElo "1592"]
[PlyCount "32"]
[EventDate "2005.??.??"]
[Source "www.chesslib.no"]
[SourceDate "2004.05.04"]

1. d4 d5 2. c4 e6 3. Nc3 Nf6 4. Bg5 Nbd7 5. e3 h6 6. Bh4 Be7 7. Nf3 O-O 8. Be2 c5 9. O-O b6 10. h3 Bb7 11. Rc1 Rc8 12. b3 Re8 13. Rc2 Qc7 14. Bg3 Bd6 15. Nb5 Bxg3 16. Nxc7 cxd4 1-0